| 000 | 00587nam a2200205 a 4500 | ||
|---|---|---|---|
| 008 | |||
| 020 | _a0748711147 (pbk.) | ||
| 049 | _aMAIN | ||
| 090 |
_aTH159 _bBRE |
||
| 100 | 1 | _aBrett, Peter. | |
| 245 | 1 | 0 |
_aA building craft foundation : _bNVQ: common core / _cPeter Brett. |
| 260 |
_aLeckhampton : _bStanley Thornes, _c1991. |
||
| 300 |
_axi, 148 p. : _bill. ; _c28 cm. |
||
| 650 |
_aBuilding _vProfession. |
||
| 907 |
_a.b10320842 _b29-05-13 _c16-10-12 |
||
| 003 | |||
| 005 | 20230123125458.0 | ||
| 040 | _cNUST | ||
| 942 |
_cBOOKS _kTH159 _mBRE |
||
| 999 |
_c142225 _d142225 |
||